00428nam a2200169Ia 4500003000400000005001700004008004100021020001800062040000700080041000800087082002400095100004100119245003100160260003700191300001700228365001300245OSt20230418142403.0210423s1997 xx 000 0 und d a9780071140737 cAL aeng a791.4301223b BORD aBORDWELL (David);THOMPSON (KRISTIN). aFilm art: an introduction. aNew YorkbTata McGraw-hillc1997 axiii,496bPB b595cINR